Možnosti aplikácie lineárneho optimalizačného modelu pri plánovaní produkčného procesu Rafinérsko-petrochemického kombinátu Slovnaft záverečná práca postgraduálneho štúdia

Salvato in:
Dettagli Bibliografici
Autore principale: Brezina, Ivan, 1963-
Ente Autore: Vysoká škola ekonomická v Bratislave
Altri autori: Unčovský, Ladislav
Natura: Libro
Lingua:slovacco
Pubblicazione: Bratislava 1990
Tags: Aggiungi Tag
Nessun Tag, puoi essere il primo ad aggiungerne!!

MARC

LEADER 00000nam a2200000 4500
001 c034211
005 20230116094754.6
041 0 |a slo 
044 |a SK 
245 1 0 |a Možnosti aplikácie lineárneho optimalizačného modelu pri plánovaní produkčného procesu Rafinérsko-petrochemického kombinátu Slovnaft  |b záverečná práca postgraduálneho štúdia  |c Ivan Brezina ; vedúci práce Ladislav Unčovský 
264 1 |a Bratislava  |c 1990 
300 |a 164 s. 
100 1 |a Brezina, Ivan, 1963- 
700 1 |a Unčovský, Ladislav 
710 2 |a Vysoká škola ekonomická v Bratislave